The chaldean account of Genesis (Record no. 165446)

MARC details
000 -LEADER
campo de control de longitud fija 00893nam a22001935i 4500
001 - NÚMERO DE CONTROL
campo de control 165446
003 - IDENTIFICADOR DE NÚMERO DE CONTROL
campo de control ES-MaACL
005 - FECHA Y HORA DE LA ÚLTIMA TRANSACCIÓN
campo de control 20230906213134.0
008 - DATOS DE LONGITUD FIJA--INFORMACIÓN GENERAL
campo de control de longitud fija 050825s1876 xxka | |||||||| ||eng d
040 ## - FUENTE DE CATALOGACIÓN
Centro catalogador/agencia de origen CAM
Lengua de catalogación spa
Centro/agencia transcriptor CAM
100 1# - ENTRADA PRINCIPAL--NOMBRE DE PERSONA
Nombre de persona Smith, George.
9 (RLIN) 106874
245 14 - MENCIÓN DEL TÍTULO
Título The chaldean account of Genesis
Resto del título : containing the description of the creation, the fall of man, the deluge, the tower of Babel, the times of the patriarchs, and nimrod, babylonian fables, and legends of the gods, from the cuneiform inscriptions /
Mención de responsabilidad, etc. by George Smith.
250 ## - MENCION DE EDICION
Mención de edición 3rd ed.
260 ## - PUBLICACIÓN, DISTRIBUCIÓN, ETC.
Lugar de publicación, distribución, etc. London :
Nombre del editor, distribuidor, etc. Sampson Low, Marston, Searle and Rivington,
Fecha de publicación, distribución, etc. 1876 (
Fabricante Chiswick Presse, printed by Whittingham and Wilkins)
300 ## - DESCRIPCIÓN FÍSICA
Extensión XVI, 319 p., [5] h. de lám. :
Otras características físicas il. ;
Dimensiones 22 cm.
650 #4 - PUNTO DE ACCESO ADICIONAL DE MATERIA--TÉRMINO DE MATERIA
Término de materia o nombre geográfico como elemento de entrada Caldeos.
9 (RLIN) 135707
651 #4 - PUNTO DE ACCESO ADICIONAL DE MATERIA--NOMBRE GEOGRÁFICO
Nombre geográfico Mesopotamia.
9 (RLIN) 137258
852 ## - LOCALIZACIÓN
Ubicación ES-MaACL
Número de control de estantería G-11513
Nota libre -- Enc. editorial en tela grab.
Holdings
Estatus retirado Estado de pérdida Estado de daño No para préstamo Colección Biblioteca de origen Biblioteca actual Ubicación en estantería Fecha de adquisición Fuente de adquisición Total de préstamos Signatura topográfica completa Código de barras Visto por última vez Precio de reemplazo Tipo de ítem Koha
        Libros del s. XIX Biblioteca del Ateneo de Madrid Biblioteca del Ateneo de Madrid Sala Pecera Planta 3 17/01/2008     G-11513 1173491 23/02/2023 23/02/2023 Libro impreso antiguo